000 00384pab a2200169 454500
008 180718b2000 xxu||||| |||| 00| 0 eng d
100 _aBalakrishnan, Pulapre
245 _aMr. Sinha's side-show
260 _c2000
300 _ap.10
362 _a4 Feb
650 _aBudget - India
650 _aPublic finance - India
650 _aBudget
773 _aHindu
909 _a45006
999 _c45006
_d45006